[Event "36th European Club Cup 2021"]
[Site "Struga"]
[Date "2021.09.18"]
[Round "1.1"]
[White "Mamedyarov, Shakhriyar"]
[Black "Smith, Axel"]
[Result "1-0"]
[WhiteElo "2762"]
[BlackElo "2451"]
[Annotator "TA"]
[PlyCount "75"]
[EventDate "2021.09.18"]
[EventType "team-tourn"]
[EventCountry "MKD"]
[SourceTitle "playchess.com"]
[Source "ChessBase"]
[SourceQuality "1"]

{[%evp 20,74,16,14,36,13,17,8,24,22,28,35,37,0,0,0,0,-7,43,0,40,0,0,0,0,0,0,
-24,-29,-62,0,0,73,82,66,0,0,0,0,0,0,0,0,0,441,436,613,612,715,710,5073,1909,
29997,29998,29998,29999,29999]} 1. d4 d5 2. c4 c6 3. Nc3 Nf6 4. Nf3 dxc4 5. a4
Bf5 6. Ne5 Nbd7 7. Nxc4 Qc7 8. g3 e5 9. dxe5 Nxe5 10. Bf4 Nfd7 {[#]} 11. Bg2 $1
g5 {D17: Slav Defence: 5 a4 Bf5: Lines with 6 Nh4 and 6 Ne5.} (11... f6 12. O-O
) 12. Ne3 gxf4 13. Nxf5 O-O-O {The position is equal.} 14. Qc2 fxg3 15. hxg3
Nf6 16. a5 $5 {[%mdl 4] A promising side line.} a6 $1 {[#]} 17. O-O $146 ({
Predecessor:} 17. Rh4 h5 18. Rf4 Kb8 19. Raa4 Ng6 20. Rfc4 Ne5 21. Rf4 Ng6 22.
Rfc4 Ne5 23. Rd4 Rxd4 24. Nxd4 {0-1 (80) Schneider,A (2522)-Ivanov,M (2425)
Bad Zwesten 2004}) 17... Kb8 18. Ra4 Bc5 19. e3 h5 20. Ne2 Ba7 21. Ned4 Nd5 22.
Rc1 Bxd4 23. Nxd4 h4 24. gxh4 Rdg8 (24... Rhg8 $1 $15 25. Kf1 Ng4) 25. Kf1 $1
$11 {Threatens to win with Bxd5.} Rxg2 26. Kxg2 $16 Rg8+ 27. Kh1 (27. Kf1 $14)
27... Rg4 $11 {...Qc8 is the strong threat.} 28. Qh7 {aiming for Qh8+.} Qd8 29.
Nxc6+ $1 bxc6 30. Rxg4 Nxg4 31. Kg1 $36 {[%mdl 2048] White is more active.} (
31. Qxf7 $2 Qxh4+ 32. Kg2 Qh2+ 33. Kf1 Qh1+ 34. Ke2 Qxc1 $19) 31... Nc7 $2 {
[%mdl 8192]} (31... Qd7 $11 {and Black is okay.}) 32. Qxf7 $18 Qxh4 (32... Nd5
$142 33. Qf3 (33. Rxc6 Ne5 $16) 33... Ne5) 33. Qf4 ({Worse is} 33. Rxc6 Qh2+
34. Kf1 Qh1+ 35. Ke2 Qxc6 $17) 33... Qh5 34. Rxc6 Ne5 35. Qf8+ (35. Qb4+ $142
Ka8 36. Qf8+ (36. Rxc7 Qg6+ 37. Kh2 Qh5+ 38. Kg3 Qf3+ 39. Kh4 Qf6+ 40. Kh5 Qg6+
41. Kh4 Qf6+ 42. Kh5 Qg6+ 43. Kh4 Qf6+ $11) 36... Qe8 37. Qxe8+ Nxe8 38. Rc8+
Kb7 39. Rxe8) 35... Ne8 36. Qb4+ {White mates.} Ka7 {[#]} 37. Rxa6+ $3 {
[%mdl 512]} Kxa6 38. Qb6# {Weighted Error Value: White=0.10/Black=0.63} 1-0

[Event "36th European Club Cup 2021"]
[Site "Struga"]
[Date "2021.09.18"]
[Round "1.2"]
[White "Ahlander, Bjorn"]
[Black "Shankland, Sam"]
[Result "0-1"]
[WhiteElo "2383"]
[BlackElo "2720"]
[Annotator "TA"]
[PlyCount "70"]
[EventDate "2021.09.18"]
[EventType "team-tourn"]
[EventCountry "MKD"]
[SourceTitle "playchess.com"]
[Source "ChessBase"]
[SourceQuality "1"]

{[%evp 11,70,16,36,25,24,8,19,0,0,-5,10,0,4,-33,-25,-44,-19,-16,-21,-25,-26,
-43,-16,-15,0,-12,9,-18,15,-11,27,17,36,1,0,-66,35,-27,0,-88,-95,-118,-134,
-140,-118,-166,-161,-191,-191,-479,-294,-475,-432,-851,-839,-949,-923,-2150,
-1956,-1690,-1620]} 1. d4 Nf6 2. c4 e6 3. g3 d5 4. Nf3 Be7 5. Bg2 O-O 6. O-O a5
7. Nc3 {E06: Closed Catalan: Early deviations.} c6 8. Bf4 Nbd7 {[#]} 9. Nd2
$146 {The position is equal.} ({Predecessor:} 9. Ne5 Nh5 10. Bc1 Nhf6 11. Bf4
Nh5 12. Bc1 Nhf6 13. Bf4 Nh5 {1/2-1/2 (14) Dorfman,J (2571)-Bauer,C (2658)
Nimes 2014}) 9... Nh5 10. Be3 b6 11. f4 Ba6 12. Kh1 Rc8 13. cxd5 exd5 14. g4
Nhf6 15. g5 Ne8 16. Rf3 Nc7 17. Bf2 c5 18. e3 cxd4 19. exd4 Bd6 20. Nf1 Re8 21.
Ne3 Nf8 22. Bg3 (22. Nexd5 Nxd5 23. Nxd5 Be2 $15) 22... Nfe6 23. Ng4 ({Better
is} 23. Nf5 $11 Bf8 24. Re3) 23... Nb5 ({Black should try} 23... b5 $1 $15) 24.
Nxb5 (24. Nxd5 $14 Kh8 25. Ne5 Bxe5 26. dxe5) 24... Bxb5 $11 25. Ne5 (25. a4
$11 Ba6 26. b3) 25... Bxe5 $17 26. dxe5 d4 27. Rf2 g6 28. f5 gxf5 ({Stronger
than} 28... Nxg5 29. h4 $16) 29. Rxf5 d3 30. Qh5 $2 (30. Rf2 Qd7 31. Rd2) 30...
Qd7 {[#] White must now prevent ...Ng7.} 31. Rf2 $2 (31. Rff1 d2 32. Rfd1)
31... d2 $19 {Strongly threatening ...Rc1+.Black is clearly winning.} 32. Be4 (
32. Rd1 $142 Rc1 33. Bf3) 32... Rc1+ 33. Kg2 Nf8 ({Inferior is} 33... Rxa1 34.
Qxh7+ Kf8 35. Qh8+ Ke7 36. Qf6+ {[%mdl 64] Double Attack} Kf8 37. Qh8+ Ke7 38.
Qf6+ {[%mdl 64] Double Attack} Kf8 39. Qh8+ $11) 34. e6 Rxe6 35. g6 hxg6 {
Weighted Error Value: White=0.69/Black=0.17} ({Worse is} 35... d1=Q 36. gxf7+
Kh8 37. Be5+ Rxe5 38. Qxe5#) 0-1

[Event "36th European Club Cup 2021"]
[Site "Struga"]
[Date "2021.09.18"]
[Round "1.3"]
[White "Kryvoruchko, Yuriy"]
[Black "Dragicevic, Drazen"]
[Result "1-0"]
[WhiteElo "2689"]
[BlackElo "2344"]
[Annotator "TA"]
[PlyCount "45"]
[EventDate "2021.09.18"]
[EventType "team-tourn"]
[EventCountry "MKD"]
[SourceTitle "playchess.com"]
[Source "ChessBase"]
[SourceQuality "1"]

{[%evp 9,45,27,43,35,13,22,54,46,54,62,76,83,97,98,109,97,150,163,163,159,171,
155,155,153,150,150,174,170,168,180,511,479,671,681,683,615,889,862]} 1. e4 c5
2. Nf3 d6 3. d4 cxd4 4. Nxd4 Nf6 5. Nc3 Bd7 6. f3 {B56: Classical Sicilian:
Unusual Lines.} e5 7. Nb3 Bc6 8. Be3 {White is slightly better.} Be7 9. Qd2 O-O
10. O-O-O a6 11. g4 b5 12. g5 {[#]} Ne8 $146 (12... Nh5 $142) ({Predecessor:} 
12... b4 13. gxf6 bxc3 14. Qxc3 Bxf6 15. Na5 Qc7 16. Bc4 Rc8 17. Bd5 Qd7 18.
Nc4 Bxd5 19. Rxd5 {1-0 (61) Neef,M (2224)-Moritz,A (2163) Oberhof 2012}) 13.
Kb1 $36 {[%mdl 2048] White is really pushing.} Nd7 14. h4 b4 15. Ne2 a5 {[#]}
16. Ng3 $1 Nc7 17. Bc4 Bb5 18. Qe2 Bxc4 19. Qxc4 g6 $2 {[#]} (19... Ne6) 20. h5
$1 $18 {[%cal Rh5g6] White is clearly winning.} Ne6 (20... d5 $142 21. exd5 Bd6
) 21. hxg6 hxg6 22. Qe2 {Qh2 would kill now.} Kg7 {[#]} 23. Rh7+ $3 {[%mdl 576]
Back Rank. White took control after the opening.  Weighted Error Value:
White=0.05/Black=0.41} 1-0

[Event "36th European Club Cup 2021"]
[Site "Struga"]
[Date "2021.09.18"]
[Round "1.4"]
[White "Jogstad, Martin"]
[Black "Inarkiev, Ernesto"]
[Result "0-1"]
[WhiteElo "2341"]
[BlackElo "2663"]
[Annotator "TA"]
[PlyCount "90"]
[EventDate "2021.09.18"]
[EventType "team-tourn"]
[EventCountry "MKD"]
[SourceTitle "playchess.com"]
[Source "ChessBase"]
[SourceQuality "1"]

{[%evp 11,90,0,29,16,16,0,5,-20,-8,-36,-20,-63,-57,-55,-41,-62,-63,-63,-22,-19,
-16,-16,-23,-16,-18,-20,0,0,25,0,0,-30,0,0,70,34,108,-52,-52,-52,-52,-52,-51,
-52,-52,-52,-55,-58,-59,-67,-66,-86,-71,-77,-68,-102,-99,-294,-297,-275,-304,
-302,-304,-287,-285,-356,-356,-408,-406,-398,-387,-433,-433,-430,-398,-609,
-605,-1960,-1652,-1656,-1366]} 1. d4 Nf6 2. Nf3 e6 3. g3 b5 4. Bg2 Bb7 5. O-O
c5 6. c3 Nc6 7. Re1 {A46: 1 d4 Nf6 2 Nf3 e6: Torre, London and Colle Systems.}
d5 8. a4 b4 9. cxb4 {[#] The position is equal.} Nxb4 $146 ({Predecessor:} 9...
cxb4 10. Nbd2 Na5 11. Nb3 Rc8 12. Nxa5 Qxa5 13. Nd2 Bd6 14. e4 dxe4 15. Nxe4
Nxe4 16. Bxe4 Bxe4 17. Rxe4 {0-1 (34) Faraci,A (2009)-Poloch,P (2274) Imperia
2009}) 10. a5 Rc8 11. Nc3 Be7 $1 12. dxc5 Bxc5 13. Ne5 O-O 14. Nd3 Ba6 15. Nxc5
Rxc5 16. Qa4 Nc6 {[%cal Rc5a5]} 17. Bd2 Rc4 18. Qd1 Qd6 19. b3 Rb4 20. Na4 Rbb8
21. Be3 Nd7 22. Bf4 Nce5 (22... Nde5 $11) 23. Qd4 $1 $14 Rxb3 (23... f6 $14)
24. Nc5 $2 Qxc5 $15 ({Don't go for} 24... Nxc5 $2 25. Bxe5 Qe7 26. Bxg7 $18)
25. Bxe5 Rb4 26. Qxc5 Nxc5 27. Rab1 Rb5 28. Rxb5 Bxb5 29. Bd4 Rc8 30. Rc1 Bc4
31. Rb1 {aiming for Bxc5.} h6 32. e3 a6 33. Bf1 Nb3 34. Rb2 $2 {White does not
recover from this.} (34. Bc3 $17 {was worth a try.}) 34... Nxd4 $19 ({Don't do
} 34... Nxa5 35. Bc3 $19) 35. exd4 Bxf1 $1 36. Kxf1 {[%mdl 4096] Endgame [#]
KR-KR} Rc1+ $1 37. Ke2 {[#]} Ra1 $1 38. Ke3 g5 ({Less strong is} 38... Rxa5 39.
h4 $19) 39. f4 Ra3+ 40. Kf2 Kg7 41. Rb6 Rxa5 42. Kf3 Kg6 43. h4 (43. fxg5 $142
hxg5 44. Rb3) 43... Ra3+ {Black is clearly winning.} 44. Kg4 h5+ 45. Kh3 gxf4 {
Weighted Error Value: White=0.37/Black=0.11} 0-1

[Event "36th European Club Cup 2021"]
[Site "Struga"]
[Date "2021.09.18"]
[Round "1.5"]
[White "Predke, Alexandr"]
[Black "Storme, Isak"]
[Result "1-0"]
[WhiteElo "2662"]
[BlackElo "2304"]
[Annotator "TA"]
[PlyCount "43"]
[EventDate "2021.09.18"]
[EventType "team-tourn"]
[EventCountry "MKD"]
[SourceTitle "playchess.com"]
[Source "ChessBase"]
[SourceQuality "1"]

{[%evp 15,43,6,3,-4,21,0,8,10,32,30,22,22,131,157,177,154,149,135,487,472,558,
554,1193,1167,1423,1420,1377,1270,29990,1900]} 1. d4 Nf6 2. c4 e6 3. Nc3 Bb4 4.
e3 O-O 5. Bd3 c5 6. Nge2 d5 7. cxd5 cxd4 8. exd4 Nxd5 9. a3 {E48: Nimzo-Indian:
Rubinstein: 5 Bd3 d5 including 6 Ne2, but excluding 6 a3.} Be7 10. Bc2 Nf6 11.
Qd3 {The position is equal.} Nc6 12. Bg5 {Hoping for Bxf6.} g6 13. Rd1 {[#]} b6
$146 (13... Qb6 $11) ({Predecessor:} 13... Qa5 14. h4 Re8 15. Qf3 Kg7 16. Kf1
h5 17. Qg3 Ng4 18. f3 Nh6 19. Qf4 Nf5 20. Bxe7 Rxe7 {1-0 (39) Hoerstmann,M 
(2305)-Koch,T (2335) Cologne 1991}) 14. h4 $1 $16 Nd5 {[#]} 15. Bh6 Re8 16. h5
{[%cal Rh5g6]} Nxc3 $4 {[%mdl 8192]} (16... Bf6 $16) 17. hxg6 (17. bxc3 Bxa3
18. hxg6 fxg6 $18) ({Less strong is} 17. Nxc3 Bf6 $16) 17... hxg6 18. Qxc3 (18.
bxc3 Bxa3 19. Nf4 Qf6 $18) ({Weaker is} 18. Nxc3 Nxd4 19. Qxd4 Qxd4 $18) 18...
Qd5 {intending ...Qa5.} 19. Qg3 {Threatening mate with Bxg6!} Bd6 20. Bf4 Bxf4
21. Nxf4 Qd6 22. Qh2 {Black got outplayed after the opening.  Weighted Error
Value: White=0.03/Black=1.27} (22. Bxg6 $142 Kf8 {[#]} 23. Qg5 $1 Qxf4 24. Rh8+
Kg7 25. Rh7+ Kf8 26. Qxf4 Ne5 27. Rxf7+ Kg8 28. Bh7+ Kh8 29. Qxe5#) 1-0

[Event "36th European Club Cup 2021"]
[Site "Struga"]
[Date "2021.09.18"]
[Round "1.6"]
[White "Nord, Alexander"]
[Black "Pancevski, Filip"]
[Result "1-0"]
[WhiteElo "2144"]
[BlackElo "2496"]
[Annotator "ChessBase"]
[PlyCount "61"]
[EventDate "2021.09.18"]
[EventType "team-tourn"]
[EventCountry "MKD"]
[SourceTitle "playchess.com"]
[Source "ChessBase"]
[SourceQuality "1"]
[TimeControl "40/5400+30:1800+30"]

1. d4 {[%emt 0:00:04]} Nf6 {[%emt 0:00:15]} 2. Nf3 {[%emt 0:00:06]} g6 {
[%emt 0:00:19]} 3. g3 {[%emt 0:00:07]} Bg7 {[%emt 0:00:08]} 4. Bg2 {[%emt 0:00:
05]} O-O {[%emt 0:00:10]} 5. O-O {[%emt 0:00:06]} d6 {[%emt 0:00:07]} 6. b3 {
[%emt 0:00:05]} a6 {[%emt 0:09:33]} 7. Bb2 {[%emt 0:00:18]} b5 {[%emt 0:01:38]}
8. c4 {[%emt 0:01:04]} Bb7 {[%emt 0:00:48]} 9. Nbd2 {[%emt 0:00:48]} Nbd7 {
[%emt 0:11:32]} 10. Qc2 {[%emt 0:01:17]} Re8 {[%emt 0:10:23]} 11. c5 {[%emt 0:
02:23]} dxc5 {[%emt 0:22:28]} 12. dxc5 {[%emt 0:00:14]} Nb8 {[%emt 0:00:55]}
13. e4 {[%emt 0:11:09]} e6 {[%emt 0:12:25]} 14. Rad1 {[%emt 0:16:21]} Nc6 {
[%emt 0:17:06]} 15. Ne5 {[%emt 0:08:08]} Nd4 {[%emt 0:07:45]} 16. Qb1 {[%emt 0:
28:33]} Nd7 {[%emt 0:00:16]} 17. Bxd4 {[%emt 0:06:43]} Nxe5 {[%emt 0:01:01]}
18. Qa1 {[%emt 0:04:45]} f6 {[%emt 0:00:05]} 19. Bxe5 {[%emt 0:00:51]} fxe5 {
[%emt 0:00:03]} 20. Nc4 {[%emt 0:00:06]} Qe7 {[%emt 0:01:17]} 21. Na5 {[%emt 0:
00:04]} Qxc5 {[%emt 0:01:45]} 22. Nxb7 {[%emt 0:00:40]} Qb6 {[%emt 0:00:02]}
23. Rd7 {[%emt 0:00:22]} Qxb7 {[%emt 0:00:52]} 24. Qc3 {[%emt 0:01:01]} Rac8 {
[%emt 0:00:41]} 25. Rfd1 {[%emt 0:01:45]} Qb6 {[%emt 0:00:25]} 26. Rxg7+ {
[%emt 0:04:06]} Kxg7 {[%emt 0:00:07]} 27. Rd7+ {[%emt 0:00:08]} Kh6 {[%emt 0:
01:07]} 28. Qxe5 {[%emt 0:01:46]} Rf8 {[%emt 0:00:15]} 29. Qg7+ {[%emt 0:01:39]
} Kg5 {[%emt 0:00:01]} 30. Qe7+ {[%emt 0:00:22]} Rf6 {[%emt 0:00:04]} 31. h4+ {
[%emt 0:00:15]} 1-0

[Event "36th European Club Cup 2021"]
[Site "Struga"]
[Date "2021.09.18"]
[Round "1.7"]
[White "Llobell Cortell, Enrique"]
[Black "Esipenko, Andrey"]
[Result "0-1"]
[WhiteElo "2392"]
[BlackElo "2720"]
[Annotator "TA"]
[PlyCount "123"]
[EventDate "2021.09.18"]
[EventType "team-tourn"]
[EventCountry "MKD"]
[SourceTitle "playchess.com"]
[Source "ChessBase"]
[SourceQuality "1"]

{[%evp 10,123,29,-2,33,35,46,39,65,59,96,86,53,66,81,57,89,34,70,34,61,33,48,0,
0,-26,33,31,43,0,0,-14,-22,-8,-5,-66,-79,-82,-62,-97,-122,-135,-139,-175,-133,
-188,-175,-185,-186,-186,-168,-163,-155,-200,-138,-141,-134,-155,-145,-163,
-166,-169,0,-159,-146,-158,-154,-158,-139,-164,-131,-125,-113,-137,-120,-142,
-104,-247,-234,-233,-243,-247,-247,-259,-232,-243,-231,-250,-145,-149,-118,
-377,-344,-382,-212,-303,-331,-318,-304,-366,-365,-1051,-1028,-883,-861,-1022,
-711,-967,-978,-907,-891,-1646,-3389,-29982,-29981,-29985]} 1. e4 c6 2. Nc3 d5
3. Nf3 Bg4 4. h3 Bxf3 5. Qxf3 e6 6. g3 g6 {B11: Caro-Kann: Two Knights
Variation.} 7. d4 Bg7 8. Be3 {[#]} Ne7 $146 {White is slightly better.} ({
Predecessor:} 8... Nd7 9. Bg2 Ne7 10. O-O O-O 11. Rad1 Qb6 12. b3 Qa5 13. Bd2
Qa6 14. a4 Bxd4 {1-0 (66) Bacrot,E (2679)-Socko,B (2619) Chess.com INT 2020})
9. O-O-O Nd7 10. Kb1 a6 11. h4 h6 12. Bg2 Qa5 13. Ne2 (13. Bf4 $16) 13... Nf6
14. exd5 cxd5 15. Nc1 Nf5 16. Bf1 Nxe3 17. fxe3 Ne4 (17... h5 $11) 18. Nb3 $14
Qc7 19. g4 h5 {aiming for ...hxg4.} 20. g5 O-O 21. Bd3 Nd6 22. e4 ({Better is} 
22. c3 $11) 22... dxe4 $15 23. Bxe4 a5 {[%cal Ba6a5,Ba5a4][%mdl 32]} 24. Nc1
Rac8 25. Ne2 b5 26. Bd3 Qb6 27. Qf4 (27. c3 $17) 27... a4 28. c3 b4 29. cxb4
Qxb4 30. a3 Qb6 31. Rc1 Rxc1+ 32. Rxc1 Rd8 33. Rc2 Qb3 34. Rc3 Qb7 35. Rc2 Qb3
$40 {[%mdl 128] Black mounts an attack.} 36. Rc3 {[%cal Rc3b3] [#]} Qd5 37. Rc5
Qg2 38. Rc2 Qa8 39. Rc7 Qa5 40. Rc5 {[#]} Qa7 41. Rc6 Qd7 42. Rc2 Nf5 43. Bxf5
(43. Be4 $17) 43... exf5 $19 44. Rd2 Qd5 45. Qf2 Qb3 46. Nc1 Qc4 47. Ne2 Bf8
48. Qe3 Qc6 (48... Qd5 $19 49. Rd1 Qg2) 49. d5 $17 Qb7 50. Qd4 $2 {[%mdl 8192]}
(50. Qf3 $17 {keeps fighting.}) 50... Bxa3 $1 $19 51. Qxa4 Bb4 (51... Rxd5 $142
52. Rc2 Rd1+ 53. Nc1 Bd6) 52. Rd4 (52. Rd1 $142) 52... Bc5 53. Rd3 Rxd5 54.
Rxd5 Qxd5 55. Qb5 $2 (55. Kc2) 55... Qe4+ 56. Ka2 Bf8 57. Nc3 Qxh4 58. Nd5 Qxg5
59. Qc6 h4 60. b4 h3 61. b5 h2 62. b6 {Weighted Error Value: White=0.50/
Black=0.17} 0-1

[Event "36th European Club Cup 2021"]
[Site "Struga"]
[Date "2021.09.18"]
[Round "1.8"]
[White "Fedoseev, Vladimir"]
[Black "Sos Andreu, Eric"]
[Result "1-0"]
[WhiteElo "2708"]
[BlackElo "2355"]
[Annotator "TA"]
[PlyCount "81"]
[EventDate "2021.09.18"]
[EventType "team-tourn"]
[EventCountry "MKD"]
[SourceTitle "playchess.com"]
[Source "ChessBase"]
[SourceQuality "1"]

{[%evp 16,81,27,18,18,16,20,17,24,3,4,8,0,0,17,7,6,7,15,16,43,52,51,60,63,25,
29,45,182,183,169,176,188,213,233,276,248,271,264,248,214,247,254,255,366,231,
216,235,198,200,461,417,394,402,711,695,1774,1758,1350,1313,29992,29993,29993,
29994,29997,29998,29998,29999]} 1. d4 Nf6 2. c4 g6 3. Nc3 {[%cal Bb1c3,Bc3a4,
Ba4c5][%mdl 32]} d5 4. cxd5 Nxd5 5. Na4 Bg7 6. e4 Nb6 7. Nf3 O-O {7...Bg4 is
not played anymore.} 8. Be3 Bg4 9. Nc5 Nc6 {D85: Exchange Grünfeld: Unusual
White 7th moves and lines with 7 Nf3.} 10. Nxb7 Qb8 11. Ba6 e5 {The position
is equal.} 12. d5 Nb4 13. Nc5 N6xd5 $1 14. exd5 {[#] Threatens to win with Bc4.
} e4 $1 {[%cal Re4f3]} 15. Nxe4 {Black must now prevent Bc4.} Nxa6 16. O-O $36
{[%mdl 2048] White fights for an advantage.} Qxb2 17. Bd4 Bxf3 18. Bxg7 Kxg7
19. Qxf3 Rab8 {[#]} 20. Qd3 $146 ({Predecessor:} 20. h4 Rb6 21. Rad1 Nb8 22.
Qf4 Re8 23. d6 cxd6 24. Nxd6 Rf8 25. h5 h6 26. Rfe1 g5 27. Qf5 Nc6 28. Ne8+ Kh8
29. Nf6 Kg7 30. Qh7+ {1-0 (30) Prohaszka,P (2582)-Schreiner,P (2449) Zalakaros
2015}) 20... Nb4 21. Qc4 {aiming for Rab1.} Qe5 {Loses the game.} ({Black
should play} 21... Nc2 $1 $14 22. Rac1 Nd4) 22. f4 $18 Qf5 23. Rad1 Rb6 24. h3
h5 25. a3 Na6 26. d6 cxd6 27. Rd5 (27. Rxd6 Rxd6 28. Nxd6 Qc5+ 29. Qxc5 Nxc5
$11) 27... Qc8 28. Qd4+ ({Stronger than} 28. Nxd6 Qxc4 29. Nxc4 Rf6 $11) 28...
f6 29. Nxd6 ({Less strong is} 29. Rxd6 Rxd6 30. Nxd6 (30. Qxd6 Qb7 $11) 30...
Qc5 $14) 29... Qc6 (29... Qc2 $142 30. Re1 Rb1 31. Qxa7+ Nc7 32. Rxb1 Qxb1+ 33.
Kh2 Qb8) 30. Nc4 Rbb8 31. Kh2 {And now Rd7+ would win.} ({Resist} 31. Qxa7+ $6
Rf7 $16) 31... Rf7 32. Rd1 Qa4 $2 (32... Rbf8 {was worth a try.} 33. Nd6 Re7)
33. Ra5 Qc6 34. Nd6 Re7 (34... Rc7 $142 35. Re1 Qb6 36. Qxb6 Rxb6) 35. Rg5 Re2
{[#] and the idea ...Rbb2 leaves Black hopeful.} 36. Rxg6+ $3 {[%mdl 576] Decoy
} Kxg6 37. Qd3+ {[%mdl 64] Double Attack} f5 38. Qxf5+ {White mates.} Kg7 39.
Qg5+ Kf8 40. Qf6+ Kg8 41. Qg6+ {[%mdl 64] Double Attack.  Weighted Error Value:
White=0.07/Black=0.49} 1-0

[Event "36th European Club Cup 2021"]
[Site "Struga"]
[Date "2021.09.18"]
[Round "1.9"]
[White "Pallardo Lozoya, Jose Vicente"]
[Black "Alekseenko, Kirill"]
[Result "0-1"]
[WhiteElo "2357"]
[BlackElo "2693"]
[Annotator "TA"]
[PlyCount "72"]
[EventDate "2021.09.18"]
[EventType "team-tourn"]
[EventCountry "MKD"]
[SourceTitle "playchess.com"]
[Source "ChessBase"]
[SourceQuality "1"]

{[%evp 14,72,7,-16,2,-31,-22,-19,-13,-17,0,0,0,-2,28,20,31,16,15,21,38,33,39,0,
0,0,0,0,16,19,36,-4,-10,-24,-18,-60,-59,-66,-60,-80,-72,-171,-155,-551,-531,
-527,-514,-1115,-1113,-1107,-1093,-1060,-1060,-29982,-29980,-29990,-29991,
-29992,-29992,-29997,-88]} 1. e4 c5 2. Nc3 Nc6 3. g3 g6 4. Bg2 Bg7 5. d3 d6 6.
Be3 Rb8 7. Qd2 b5 {[%cal Bb7b5,Bb5b4][%mdl 32]} 8. Nf3 Nd4 {B26: Closed
Sicilian: 3 g3, lines with early Be3.} 9. Nh4 b4 10. Nd1 {[%cal Bc3d1,Bd1b2,
Bb2c4][%mdl 32]} e5 {The position is equal.} 11. O-O h6 12. c3 bxc3 13. bxc3
Ne6 {[#]} 14. Nb2 $146 ({Predecessor:} 14. h3 Nf6 15. Rc1 d5 16. exd5 Nxd5 17.
Nf3 Nxe3 18. Nxe3 Ng5 19. Nxg5 hxg5 20. Ng4 {1-0 (62) Burchardt,B (2245)
-Shumiakina,T (2340) Manila 1992}) 14... Nf6 15. Nc4 Ng4 16. Rab1 Ra8 17. Qd1
Nxe3 18. fxe3 {And now Qa4+ would win.} O-O 19. Qa4 Bd7 20. Qa3 a6 21. Nb6 ({
Reject} 21. Nxd6 Bc6 $17) 21... Ra7 22. c4 Bc6 23. Rb2 h5 24. Bf3 Bh6 25. Ng2
Ng5 {[%cal Be6g5,Bg5h3,Bh3f2][%mdl 32]} 26. Nd5 f5 $36 {[%mdl 2048] Strongly
threatening ...fxe4. Keeping White busy.} 27. Rbb1 {[#]} (27. Nh4 $17) 27...
Raf7 $1 $19 28. h4 $2 {Loses the game.} (28. Be2 $17) 28... Nh3+ 29. Kh2 {
Hoping for exf5.} fxe4 30. dxe4 (30. Be2 $142 Nf2 31. dxe4) 30... Rxf3 31. Rxf3
Rxf3 32. Qxa6 Bxd5 33. exd5 Nf2 {Black mates.} 34. Rb7 Ng4+ {[%mdl 64] Double
Attack} 35. Kh3 Qf8 36. Qb5 {[#]} Rxg3+ $3 {[%mdl 512] Weighted Error Value:
White=0.67/Black=0.05} 0-1

[Event "36th European Club Cup 2021"]
[Site "Struga"]
[Date "2021.09.18"]
[Round "1.10"]
[White "Matlakov, Maxim"]
[Black "Ibanez Aullana, Ramon"]
[Result "1/2-1/2"]
[WhiteElo "2683"]
[BlackElo "2269"]
[Annotator "TA"]
[PlyCount "73"]
[EventDate "2021.09.18"]
[EventType "team-tourn"]
[EventCountry "MKD"]
[SourceTitle "playchess.com"]
[Source "ChessBase"]
[SourceQuality "1"]

{[%evp 11,73,33,47,47,52,35,27,21,58,47,71,45,57,41,42,51,33,17,58,28,71,60,64,
64,59,25,57,47,56,58,56,42,56,56,61,50,57,60,59,0,104,88,87,77,85,45,85,50,72,
14,87,84,90,25,28,25,25,25,25,25,25,25,25,26]} 1. e4 Nf6 2. e5 Nd5 3. d4 d6 4.
Nf3 dxe5 5. Nxe5 c6 6. Be2 Nd7 7. Nf3 {B04: Alekhine's Defence: 4 Nf3.} g6 8.
O-O Bg7 9. c4 N5f6 10. Nc3 O-O 11. h3 Qc7 12. Bg5 {[#]} e5 $146 ({Predecessor:
} 12... c5 13. d5 a6 14. a4 Ne5 15. Qd2 Qd6 16. a5 Rd8 17. Qe3 Nfd7 18. Ne4
Nxf3+ 19. Bxf3 {1-0 (54) Tuzi,B (1813)-Diaz,L (1718) Batumi 2018}) 13. d5 e4
14. Nd2 Re8 15. Re1 Nc5 16. Bf1 Bf5 17. g4 Bd7 18. Rc1 Nd3 19. Bxd3 exd3 20.
Qf3 {[%mdl 64] [#] Double Attack} Rxe1+ 21. Rxe1 Re8 22. Rxe8+ Nxe8 23. Qxd3 f5
24. dxc6 bxc6 25. Bf4 Qc8 (25... Qxf4 $11 26. Qxd7 {[%mdl 64] Double Attack}
Nd6 27. Qe6+ Nf7) 26. g5 Nc7 27. Nf3 Ne6 28. Bd2 Qc7 29. b4 Be8 30. c5 (30. Ne2
$16) 30... Qd7 (30... Nf4 $11 31. Qc4+ Bf7 32. Qxf4 Qxf4 33. Bxf4 Bxc3) 31.
Qxd7 $16 Bxd7 32. Ne2 (32. Na4 $16) 32... Bc8 $11 {White has an edge.} 33. Nf4
Nxf4 34. Bxf4 Be6 35. Be5 {aiming for Bxg7.} Bd5 $1 {[%cal Rd5f3]} 36. Bxg7 {
With the idea Nd4.} Bxf3 37. Be5 {Weighted Error Value: White=0.19/Black=0.18}
1/2-1/2